| Tag |
First Indicator |
Second Indicator |
Subfields |
| LEADER |
00000cam a2200000 i 4500 |
| 001 |
in00000351237 |
| 005 |
20220103134322.0 |
| 007 |
cr unu a |
| 008 |
770923s1977 txua b 00010 eng d |
| 035 |
|
|
|9 ABM7487AM
|
| 035 |
|
|
|a (OCoLC)03289523
|
| 040 |
|
|
|a TXA
|c TXA
|d UtOrBLW
|
| 049 |
|
|
|a TXAZ [Also in] [Sp Coll]
|c 1 [441667], 2 [441668]
|
| 099 |
|
|
|a 1977
|a Thesis
|a H342
|
| 100 |
1 |
|
|a Harvey, Stephanie Ann.
|
| 245 |
1 |
0 |
|a Nucleic acid biosynthesis in thymine-requiring strains of Salmonella typhimurium /
|c by Stephanie Ann Harvey.
|
| 264 |
|
1 |
|a [College Station, Tex.] :
|b Harvey,
|c 1977.
|
| 300 |
|
|
|a x, 58 leaves :
|b illustrations, graphs ;
|c 28 cm.
|
| 336 |
|
|
|a text
|b txt
|2 rdacontent
|
| 337 |
|
|
|a computer
|b c
|2 rdamedia
|
| 338 |
|
|
|a online resource
|b cr
|2 rdacarrier
|
| 500 |
|
|
|a "Major subject: Biochemistry."
|
| 500 |
|
|
|a Vita.
|
| 502 |
|
|
|b M.S.
|c Texas A&M University.
|
| 504 |
|
|
|a Bibliography: leaves 55-57.
|
| 530 |
|
|
|a Also available online.
|
| 650 |
|
0 |
|a Nucleic acids
|x Synthesis.
|
| 650 |
|
0 |
|a Salmonella.
|
| 650 |
|
0 |
|a Thymidine
|x Metabolism.
|
| 650 |
|
4 |
|a Major biochemistry.
|
| 856 |
4 |
1 |
|u https://hdl.handle.net/1969.1/ETD-TAMU-1977-THESIS-H342
|z Link to OAKTrust copy
|t 0
|
| 999 |
|
|
|a MARS
|
| 999 |
f |
f |
|s 86a5261a-1760-37ce-9185-34241cd3fc45
|i 39ee0cb2-c118-3421-95f7-b30b72632ffb
|t 0
|
| 952 |
f |
f |
|p noncirc
|a Texas A&M University
|b J.J. Pickle Campus
|c High Density Repository
|s HDR
|d Remote Storage
|t 0
|e 1977 Thesis H342
|h Other scheme
|i computer -- online resource
|m A14840976531
|
| 952 |
f |
f |
|a Texas A&M University
|b College Station
|c Electronic Resources
|s www_evans
|d Available Online
|t 0
|e 1977 Thesis H342
|h Other scheme
|
| 998 |
f |
f |
|a 1977 Thesis H342
|t 0
|l Available Online
|
| 998 |
f |
f |
|a 1977 Thesis H342
|t 0
|l Remote Storage
|